Quiz juliette - Statistics

General Stats
  • This quiz has been taken 2 times
  • The average score is 9 of 15
Answer Stats
Hint Answer % Correct
combien ai-je de demis frères/soeurs 3
100%
voyage de reve Brésil / Australie/ Japon
100%
nom de mon ex bail Noé
100%
voyage scolaire collège (dès que je le dis les gens sont choqués) Pérou
100%
quelle est ma deuxieme origine (Pas italienne) russe
100%
études si je pouvais rechoisir cinéma
50%
poste de mon daron COO
50%
ou suis-je née? Croix rousse
50%
mon film préféré le silence des agneaux
50%
artiste de mon enfance Michael jackson
50%
activités périscolaires collège piano / dessin / natation
50%
mon sport de prédilection ski
50%
nom de mon meilleur pote du canada thibault
50%
nom du bled de mes grands parents giron
0%
mon costume d'halloween pour la soirée EM xLa maison en 2023 Patrick Bateman / american psycho
0%
No matching quizzes found
Score Distribution
Percent of People with Each Score
Percentile by Number Answered
Your Score History
You have not taken this quiz